000 01603cam a2200361 i 4500
001 careerlifeplanni00mont
003 CaSfIA
005 20210117222704.0
007 cr||||
008 780302s1978 nyu b 000 0 eng
010 _a 78003415
040 _aDLC
_cDLC
_dBTCTA
_dLVB
_dCCV
_dNIALS
_dCaSfIA
020 _a0814454895 :
_c$17.95
020 _a9780814454893
035 _a(OCoLC)3748928
043 _an-us---
050 0 0 _aHF5382.5.U5
_bM66
082 0 0 _a331.7/02
100 1 _aMontana, Patrick J.
245 1 0 _aCareer life planning for Americans :
_h[electronic resource]
_bagenda for organizations and individuals /
_cPatrick J. Montana, Margaret V. Higginson.
260 _aNew York :
_bNational Center for Career Life Planning,
_cc1978.
300 _axvi, 204 p. ;
_c24 cm.
504 _aBibliography: p. 193-204.
650 0 _aVocational guidance
_zUnited States.
650 6 _aOrientation professionnelle
_zÉtats-Unis.
700 1 _aHigginson, M. Valliant,
_ejoint author.
856 4 1 _uhttp://www.archive.org/details/careerlifeplanni00mont
_zFree eBook from the Internet Archive
856 4 2 _uhttp://www.openlibrary.org/books/OL4716835M
_zAdditional information and access via Open Library
029 1 _aAU@
_b000001155016
942 _cEB
506 _fНеобхідна авторизація на https://archive.org/ (створення облікового запису безкоштовно)
506 _fНеобхідна авторизація на https://openlibrary.org/ (створення облікового запису безкоштовно)
999 _c478401
_d478401